00883nam a22002537a 45000010005000000030006000050050017000110080041000280200018000690400029000870500015001161000023001312450084001542600045002383000049002834900016003325050008003485200144003565210029005005210020005296500024005496500021005737000035005947471FISKH20250718085804.0250718b cb ||||| |||| 00| 0 eng d a9781603570916 aFISKHbengcFISKHdFISKH aPZ7.H558 I aHillert, Margaret  aIt's fall, dear dragon / cby Margaret Hillert : Illustrated by David Schimmell aChicago :bNorwood House Press , c2010. a32 pages : bcolor illustrations ;c20 cm .  aDear Dragon aF  a"A boy meets his pet dragon after school to rake and jump in leaves, carve a pumpkin, and enjoy a pretty fall day"--Provided by publisher. 8 a350 bLexile estimate 8 aF bRaz-Plus  aNetgalleyvFiction  aAnimalsvFiction aSchimmell, DavideIllustrator